Vincitori Miami Open - Singolare maschile - Statistics

Statistiche generali
  • Questo quiz è stato fatto 5 volte
  • Il punteggio medio è 23 su 33
Statistiche sulle risposte
Edizione Nazione Tennista vincitore % Corretto
2007 Serbia Novak Djokovic
100%
2011 Serbia Novak Djokovic
100%
2012 Serbia Novak Djokovic
100%
2014 Serbia Novak Djokovic
100%
2015 Serbia Novak Djokovic
100%
2016 Serbia Novak Djokovic
100%
2005 Svizzera Roger Federer
100%
2006 Svizzera Roger Federer
100%
2017 Svizzera Roger Federer
100%
2019 Svizzera Roger Federer
100%
1990 Stati Uniti Andre Agassi
80%
1995 Stati Uniti Andre Agassi
80%
1996 Stati Uniti Andre Agassi
80%
2001 Stati Uniti Andre Agassi
80%
2002 Stati Uniti Andre Agassi
80%
2009 Regno Unito Andy Murray
80%
2013 Regno Unito Andy Murray
80%
2004 Stati Uniti Andy Roddick
80%
2010 Stati Uniti Andy Roddick
80%
2022 Spagna Carlos Alcaraz
80%
2023 Russia Daniil Medvedev
80%
2003 Stati Uniti ndre Agassi
80%
1993 Stati Uniti Pete Sampras
60%
1994 Stati Uniti Pete Sampras
60%
2000 Stati Uniti Pete Sampras
60%
2021 Polonia Hubert Hurkacz
40%
2018 Stati Uniti John Isner
40%
2008 Russia Nikolay Davydenko
40%
1997 Austria Thomas Muster
20%
1991 Stati Uniti Jim Courier
0%
1998 Cile Marcelo Ríos
0%
1992 Stati Uniti Michael Chang
0%
1999 Paesi Bassi Richard Krajicek
0%
Nessun quiz corrispondente trovato
Distribuzione punteggi
Percentuale di utenti per punteggio
Percentile per numero di risposta
I tuoi punteggi nel tempo
Non hai fatto questo quiz